000 00647nam a22002417a 4500
001 65043
003 UA-OsUOA
005 20211024215151.0
007 ta
008 20091112b un ||||| |||| 00| 0 ukr d
020 _a978-966-02-4433-7
040 _aUA-OsUOA
_bukr
_cUA-OsUOA
_dUA-OsUOA
041 _aukr
080 _a94(477+(470+571))
090 _a94(477+(470+571))
_bК56
100 _aКовальчук М.
245 _aВійна з більшовицькою Росією за незалежність 1917-1920
260 _aК.
_c2007
300 _a72 с.
650 7 _a94 Історія
_2UDC
942 _cBK
_2udc
955 _a2
999 _c351152
_d351152